<?xml version="1.0" encoding="UTF-8"?>
<record
    xmlns:xsi="http://www.w3.org/2001/XMLSchema-instance"
    xsi:schemaLocation="http://www.loc.gov/MARC21/slim http://www.loc.gov/standards/marcxml/schema/MARC21slim.xsd"
    xmlns="http://www.loc.gov/MARC21/slim">

  <leader>01342nas a2200289 454500</leader>
  <controlfield tag="001">620</controlfield>
  <controlfield tag="005">20260407193503.0</controlfield>
  <controlfield tag="008">260407s1977####ag###########|||spa#d</controlfield>
  <controlfield tag="003">AR-UNSa-BCEJYS</controlfield>
  <datafield tag="040" ind1=" " ind2=" ">
    <subfield code="a">AR-UNSa-BCEJYS</subfield>
    <subfield code="b">spa</subfield>
    <subfield code="c">AR-UNSa-BCEJYS</subfield>
  </datafield>
  <datafield tag="080" ind1=" " ind2=" ">
    <subfield code="a">330</subfield>
    <subfield code="x">Econom&#xED;a en general</subfield>
  </datafield>
  <datafield tag="245" ind1="1" ind2="0">
    <subfield code="a">Ensayos Econ&#xF3;micos</subfield>
  </datafield>
  <datafield tag="022" ind1=" " ind2=" ">
    <subfield code="a">0325-3937</subfield>
  </datafield>
  <datafield tag="264" ind1=" " ind2="1">
    <subfield code="a">Buenos Aires :</subfield>
    <subfield code="b">Banco Central de la Rep&#xFA;blica Argentina</subfield>
    <subfield code="c">1977</subfield>
  </datafield>
  <datafield tag="310" ind1=" " ind2=" ">
    <subfield code="a">Periodicidad: Trimestral
Se incorpora como Director a partir del N&#xBA; 6: Ernesto Gaba
Se incorpora como Directores a partir del N&#xBA; 14: Tom&#xE1;s J.T. Bali&#xF1;o y Jos&#xE9; L. Machinea
Cambia de Directores a partir del N&#xBA; 31 por Daniel Due&#xF1;as, Ernesto V. Feldman
Cambia de Director a partir del N&#xBA; 34 por Hildegart Ahumada, Enrique A. Bour
Cambia de Director a partir del N&#xBA; 37 por Julio A. Piekarz
Cambia de Director a partir del N&#xBA; 50 por Jorge Carrera
</subfield>
  </datafield>
  <datafield tag="041" ind1=" " ind2=" ">
    <subfield code="a">spa</subfield>
  </datafield>
  <datafield tag="942" ind1=" " ind2=" ">
    <subfield code="c">SER</subfield>
  </datafield>
  <datafield tag="590" ind1=" " ind2=" ">
    <subfield code="a">niveau_biblio:s niveau_hierar:1</subfield>
  </datafield>
  <datafield tag="100" ind1="1" ind2=" ">
    <subfield code="a">Banco Central de la Rep&#xFA;blica Argentina</subfield>
  </datafield>
  <datafield tag="700" ind1="1" ind2=" ">
    <subfield code="a">Alonso, Horacio A.</subfield>
  </datafield>
  <datafield tag="700" ind1="1" ind2=" ">
    <subfield code="a">Meyer, Arturo</subfield>
  </datafield>
  <datafield tag="700" ind1="1" ind2=" ">
    <subfield code="a">Salama, El&#xED;as</subfield>
  </datafield>
  <datafield tag="650" ind1=" " ind2=" ">
    <subfield code="a">6.25 Econom&#xED;a</subfield>
  </datafield>
  <datafield tag="650" ind1=" " ind2=" ">
    <subfield code="a">Pol&#xED;tica monetaria</subfield>
  </datafield>
  <datafield tag="650" ind1=" " ind2=" ">
    <subfield code="a">Macroeconom&#xED;a</subfield>
  </datafield>
  <datafield tag="856" ind1="4" ind2="1">
    <subfield code="u">https://biblioeco.unsa.edu.ar/pmb/images/revistas/Ensayos Econ?micos.jpg</subfield>
    <subfield code="y">Imagen de portada</subfield>
    <subfield code="q">image/jpeg</subfield>
  </datafield>
  <datafield tag="999" ind1=" " ind2=" ">
    <subfield code="c">8370</subfield>
    <subfield code="d">8370</subfield>
  </datafield>
  <datafield tag="952" ind1=" " ind2=" ">
    <subfield code="0">0</subfield>
    <subfield code="1">0</subfield>
    <subfield code="4">0</subfield>
    <subfield code="7">0</subfield>
    <subfield code="a">BCEJYS</subfield>
    <subfield code="b">BCEJYS</subfield>
    <subfield code="c">17</subfield>
    <subfield code="d">2015-12-01</subfield>
    <subfield code="h">N&#xBA; 73 - dic. 2015</subfield>
    <subfield code="l">0</subfield>
    <subfield code="o">H330 ENS 73</subfield>
    <subfield code="p">R19815</subfield>
    <subfield code="r">2026-04-10 16:06:07</subfield>
    <subfield code="w">2026-04-10</subfield>
    <subfield code="y">RN</subfield>
  </datafield>
  <datafield tag="952" ind1=" " ind2=" ">
    <subfield code="0">0</subfield>
    <subfield code="1">0</subfield>
    <subfield code="4">0</subfield>
    <subfield code="7">0</subfield>
    <subfield code="a">BCEJYS</subfield>
    <subfield code="b">BCEJYS</subfield>
    <subfield code="c">17</subfield>
    <subfield code="d">2015-06-01</subfield>
    <subfield code="h">N&#xBA; 72 - jun. 2015</subfield>
    <subfield code="l">0</subfield>
    <subfield code="o">H330 ENS 72</subfield>
    <subfield code="p">R18612</subfield>
    <subfield code="r">2026-04-10 16:06:07</subfield>
    <subfield code="w">2026-04-10</subfield>
    <subfield code="y">RN</subfield>
  </datafield>
  <datafield tag="952" ind1=" " ind2=" ">
    <subfield code="0">0</subfield>
    <subfield code="1">0</subfield>
    <subfield code="4">0</subfield>
    <subfield code="7">0</subfield>
    <subfield code="a">BCEJYS</subfield>
    <subfield code="b">BCEJYS</subfield>
    <subfield code="c">17</subfield>
    <subfield code="d">2014-12-01</subfield>
    <subfield code="h">N&#xBA; 71 - dic. 2014</subfield>
    <subfield code="l">0</subfield>
    <subfield code="o">H330 ENS 71</subfield>
    <subfield code="p">R14750</subfield>
    <subfield code="r">2026-04-10 16:06:07</subfield>
    <subfield code="w">2026-04-10</subfield>
    <subfield code="y">RN</subfield>
  </datafield>
  <datafield tag="952" ind1=" " ind2=" ">
    <subfield code="0">0</subfield>
    <subfield code="1">0</subfield>
    <subfield code="4">0</subfield>
    <subfield code="7">0</subfield>
    <subfield code="a">BCEJYS</subfield>
    <subfield code="b">BCEJYS</subfield>
    <subfield code="c">17</subfield>
    <subfield code="d">2014-06-01</subfield>
    <subfield code="h">N&#xBA; 70 - jun. 2014</subfield>
    <subfield code="l">0</subfield>
    <subfield code="o">H330 ENS 70</subfield>
    <subfield code="p">R14882</subfield>
    <subfield code="r">2026-04-10 16:06:07</subfield>
    <subfield code="w">2026-04-10</subfield>
    <subfield code="y">RN</subfield>
  </datafield>
  <datafield tag="952" ind1=" " ind2=" ">
    <subfield code="0">0</subfield>
    <subfield code="1">0</subfield>
    <subfield code="4">0</subfield>
    <subfield code="7">0</subfield>
    <subfield code="a">BCEJYS</subfield>
    <subfield code="b">BCEJYS</subfield>
    <subfield code="c">17</subfield>
    <subfield code="d">2013-12-01</subfield>
    <subfield code="h">N&#xBA; 69 - dic. 2013</subfield>
    <subfield code="l">0</subfield>
    <subfield code="o">H330 ENS 69</subfield>
    <subfield code="p">R10893</subfield>
    <subfield code="r">2026-04-10 16:06:07</subfield>
    <subfield code="w">2026-04-10</subfield>
    <subfield code="y">RN</subfield>
  </datafield>
  <datafield tag="952" ind1=" " ind2=" ">
    <subfield code="0">0</subfield>
    <subfield code="1">0</subfield>
    <subfield code="4">0</subfield>
    <subfield code="7">0</subfield>
    <subfield code="a">BCEJYS</subfield>
    <subfield code="b">BCEJYS</subfield>
    <subfield code="c">17</subfield>
    <subfield code="d">2013-06-01</subfield>
    <subfield code="h">N&#xBA; 68 - jun. 2013</subfield>
    <subfield code="l">0</subfield>
    <subfield code="o">H330 ENS 68</subfield>
    <subfield code="p">R09451</subfield>
    <subfield code="r">2026-04-10 16:06:07</subfield>
    <subfield code="w">2026-04-10</subfield>
    <subfield code="y">RN</subfield>
  </datafield>
  <datafield tag="952" ind1=" " ind2=" ">
    <subfield code="0">0</subfield>
    <subfield code="1">0</subfield>
    <subfield code="4">0</subfield>
    <subfield code="7">0</subfield>
    <subfield code="a">BCEJYS</subfield>
    <subfield code="b">BCEJYS</subfield>
    <subfield code="c">17</subfield>
    <subfield code="d">2012-12-01</subfield>
    <subfield code="h">N&#xBA; 67 - dic. 2012</subfield>
    <subfield code="l">0</subfield>
    <subfield code="o">H330 ENS 67</subfield>
    <subfield code="p">R08225</subfield>
    <subfield code="r">2026-04-10 16:06:07</subfield>
    <subfield code="w">2026-04-10</subfield>
    <subfield code="y">RN</subfield>
  </datafield>
  <datafield tag="952" ind1=" " ind2=" ">
    <subfield code="0">0</subfield>
    <subfield code="1">0</subfield>
    <subfield code="4">0</subfield>
    <subfield code="7">0</subfield>
    <subfield code="a">BCEJYS</subfield>
    <subfield code="b">BCEJYS</subfield>
    <subfield code="c">17</subfield>
    <subfield code="d">2012-09-01</subfield>
    <subfield code="h">N&#xBA; 65/66 - set. 2012</subfield>
    <subfield code="l">0</subfield>
    <subfield code="o">H330 ENS 65/66</subfield>
    <subfield code="p">R05985</subfield>
    <subfield code="r">2026-04-10 16:06:07</subfield>
    <subfield code="w">2026-04-10</subfield>
    <subfield code="y">RN</subfield>
  </datafield>
  <datafield tag="952" ind1=" " ind2=" ">
    <subfield code="0">0</subfield>
    <subfield code="1">0</subfield>
    <subfield code="4">0</subfield>
    <subfield code="7">0</subfield>
    <subfield code="a">BCEJYS</subfield>
    <subfield code="b">BCEJYS</subfield>
    <subfield code="c">17</subfield>
    <subfield code="d">2011-07-01</subfield>
    <subfield code="h">N&#xBA; 64 - oct./dic. 2011</subfield>
    <subfield code="l">0</subfield>
    <subfield code="o">H330 ENS 64</subfield>
    <subfield code="p">R05306</subfield>
    <subfield code="r">2026-04-10 16:06:07</subfield>
    <subfield code="w">2026-04-10</subfield>
    <subfield code="y">RN</subfield>
  </datafield>
  <datafield tag="952" ind1=" " ind2=" ">
    <subfield code="0">0</subfield>
    <subfield code="1">0</subfield>
    <subfield code="4">0</subfield>
    <subfield code="7">0</subfield>
    <subfield code="a">BCEJYS</subfield>
    <subfield code="b">BCEJYS</subfield>
    <subfield code="c">17</subfield>
    <subfield code="d">2011-07-01</subfield>
    <subfield code="h">N&#xBA; 63 - jul./sep. 2011</subfield>
    <subfield code="l">0</subfield>
    <subfield code="o">H330 ENS 63</subfield>
    <subfield code="p">R03985</subfield>
    <subfield code="r">2026-04-10 16:06:07</subfield>
    <subfield code="w">2026-04-10</subfield>
    <subfield code="y">RN</subfield>
  </datafield>
  <datafield tag="952" ind1=" " ind2=" ">
    <subfield code="0">0</subfield>
    <subfield code="1">0</subfield>
    <subfield code="4">0</subfield>
    <subfield code="7">0</subfield>
    <subfield code="a">BCEJYS</subfield>
    <subfield code="b">BCEJYS</subfield>
    <subfield code="c">17</subfield>
    <subfield code="d">2011-07-01</subfield>
    <subfield code="h">N&#xBA; 63 - jul./sep. 2011</subfield>
    <subfield code="l">0</subfield>
    <subfield code="o">H330 ENS 63 Ej.2</subfield>
    <subfield code="p">R03986</subfield>
    <subfield code="r">2026-04-10 16:06:07</subfield>
    <subfield code="w">2026-04-10</subfield>
    <subfield code="y">RN</subfield>
  </datafield>
  <datafield tag="952" ind1=" " ind2=" ">
    <subfield code="0">0</subfield>
    <subfield code="1">0</subfield>
    <subfield code="4">0</subfield>
    <subfield code="7">0</subfield>
    <subfield code="a">BCEJYS</subfield>
    <subfield code="b">BCEJYS</subfield>
    <subfield code="c">17</subfield>
    <subfield code="d">2011-01-01</subfield>
    <subfield code="h">N&#xBA; 61/62 - ene./jun. 2011</subfield>
    <subfield code="l">0</subfield>
    <subfield code="o">H330 ENS 61/62</subfield>
    <subfield code="p">R03470</subfield>
    <subfield code="r">2026-04-10 16:06:07</subfield>
    <subfield code="w">2026-04-10</subfield>
    <subfield code="y">RN</subfield>
  </datafield>
  <datafield tag="952" ind1=" " ind2=" ">
    <subfield code="0">0</subfield>
    <subfield code="1">0</subfield>
    <subfield code="4">0</subfield>
    <subfield code="7">0</subfield>
    <subfield code="a">BCEJYS</subfield>
    <subfield code="b">BCEJYS</subfield>
    <subfield code="c">17</subfield>
    <subfield code="d">2010-10-01</subfield>
    <subfield code="h">N&#xBA; 60 - oct./dic. 2010</subfield>
    <subfield code="l">0</subfield>
    <subfield code="o">H330 ENS 60</subfield>
    <subfield code="p">R03266</subfield>
    <subfield code="r">2026-04-10 16:06:07</subfield>
    <subfield code="w">2026-04-10</subfield>
    <subfield code="y">RN</subfield>
  </datafield>
  <datafield tag="952" ind1=" " ind2=" ">
    <subfield code="0">0</subfield>
    <subfield code="1">0</subfield>
    <subfield code="4">0</subfield>
    <subfield code="7">0</subfield>
    <subfield code="a">BCEJYS</subfield>
    <subfield code="b">BCEJYS</subfield>
    <subfield code="c">17</subfield>
    <subfield code="d">2010-07-01</subfield>
    <subfield code="h">N&#xBA; 59 - jul./sep. 2010</subfield>
    <subfield code="l">0</subfield>
    <subfield code="o">H330 ENS 59</subfield>
    <subfield code="p">R03025</subfield>
    <subfield code="r">2026-04-10 16:06:07</subfield>
    <subfield code="w">2026-04-10</subfield>
    <subfield code="y">RN</subfield>
  </datafield>
  <datafield tag="952" ind1=" " ind2=" ">
    <subfield code="0">0</subfield>
    <subfield code="1">0</subfield>
    <subfield code="4">0</subfield>
    <subfield code="7">0</subfield>
    <subfield code="a">BCEJYS</subfield>
    <subfield code="b">BCEJYS</subfield>
    <subfield code="c">17</subfield>
    <subfield code="d">2010-07-01</subfield>
    <subfield code="h">N&#xBA; 59 - jul./sep. 2010</subfield>
    <subfield code="l">0</subfield>
    <subfield code="o">H330 ENS 59 Ej.2</subfield>
    <subfield code="p">R03987</subfield>
    <subfield code="r">2026-04-10 16:06:07</subfield>
    <subfield code="w">2026-04-10</subfield>
    <subfield code="y">RN</subfield>
  </datafield>
  <datafield tag="952" ind1=" " ind2=" ">
    <subfield code="0">0</subfield>
    <subfield code="1">0</subfield>
    <subfield code="4">0</subfield>
    <subfield code="7">0</subfield>
    <subfield code="a">BCEJYS</subfield>
    <subfield code="b">BCEJYS</subfield>
    <subfield code="c">17</subfield>
    <subfield code="d">2010-01-01</subfield>
    <subfield code="h">N&#xBA; 57/58 - ene./jun. 2010</subfield>
    <subfield code="l">0</subfield>
    <subfield code="o">H330 ENS 57/58</subfield>
    <subfield code="p">R02478</subfield>
    <subfield code="r">2026-04-10 16:06:07</subfield>
    <subfield code="w">2026-04-10</subfield>
    <subfield code="y">RN</subfield>
  </datafield>
  <datafield tag="952" ind1=" " ind2=" ">
    <subfield code="0">0</subfield>
    <subfield code="1">0</subfield>
    <subfield code="4">0</subfield>
    <subfield code="7">0</subfield>
    <subfield code="a">BCEJYS</subfield>
    <subfield code="b">BCEJYS</subfield>
    <subfield code="c">17</subfield>
    <subfield code="d">2009-10-01</subfield>
    <subfield code="h">N&#xBA; 56 - oct./dic. 2009</subfield>
    <subfield code="l">0</subfield>
    <subfield code="o">H330 ENS 56</subfield>
    <subfield code="p">R02488</subfield>
    <subfield code="r">2026-04-10 16:06:07</subfield>
    <subfield code="w">2026-04-10</subfield>
    <subfield code="y">RN</subfield>
  </datafield>
  <datafield tag="952" ind1=" " ind2=" ">
    <subfield code="0">0</subfield>
    <subfield code="1">0</subfield>
    <subfield code="4">0</subfield>
    <subfield code="7">0</subfield>
    <subfield code="a">BCEJYS</subfield>
    <subfield code="b">BCEJYS</subfield>
    <subfield code="c">17</subfield>
    <subfield code="d">2009-07-01</subfield>
    <subfield code="h">N&#xBA; 55 - jul. 2009</subfield>
    <subfield code="l">0</subfield>
    <subfield code="o">H330 ENS 55</subfield>
    <subfield code="p">R02487</subfield>
    <subfield code="r">2026-04-10 16:06:07</subfield>
    <subfield code="w">2026-04-10</subfield>
    <subfield code="y">RN</subfield>
  </datafield>
  <datafield tag="952" ind1=" " ind2=" ">
    <subfield code="0">0</subfield>
    <subfield code="1">0</subfield>
    <subfield code="4">0</subfield>
    <subfield code="7">0</subfield>
    <subfield code="a">BCEJYS</subfield>
    <subfield code="b">BCEJYS</subfield>
    <subfield code="c">17</subfield>
    <subfield code="d">2009-01-01</subfield>
    <subfield code="h">N&#xBA; 53/54 - ene./jun. 2009</subfield>
    <subfield code="l">0</subfield>
    <subfield code="o">H330 ENS 53/54</subfield>
    <subfield code="p">R02486</subfield>
    <subfield code="r">2026-04-10 16:06:07</subfield>
    <subfield code="w">2026-04-10</subfield>
    <subfield code="y">RN</subfield>
  </datafield>
  <datafield tag="952" ind1=" " ind2=" ">
    <subfield code="0">0</subfield>
    <subfield code="1">0</subfield>
    <subfield code="4">0</subfield>
    <subfield code="7">0</subfield>
    <subfield code="a">BCEJYS</subfield>
    <subfield code="b">BCEJYS</subfield>
    <subfield code="c">17</subfield>
    <subfield code="d">2008-10-01</subfield>
    <subfield code="h">N&#xBA; 52 - oct./dic. 2008</subfield>
    <subfield code="l">0</subfield>
    <subfield code="o">H330 ENS 52</subfield>
    <subfield code="p">R02479</subfield>
    <subfield code="r">2026-04-10 16:06:07</subfield>
    <subfield code="w">2026-04-10</subfield>
    <subfield code="y">RN</subfield>
  </datafield>
  <datafield tag="952" ind1=" " ind2=" ">
    <subfield code="0">0</subfield>
    <subfield code="1">0</subfield>
    <subfield code="4">0</subfield>
    <subfield code="7">0</subfield>
    <subfield code="a">BCEJYS</subfield>
    <subfield code="b">BCEJYS</subfield>
    <subfield code="c">17</subfield>
    <subfield code="d">2008-04-01</subfield>
    <subfield code="h">N&#xBA; 51 - abr./sep. 2008</subfield>
    <subfield code="l">0</subfield>
    <subfield code="o">H330 ENS 51</subfield>
    <subfield code="p">R02485</subfield>
    <subfield code="r">2026-04-10 16:06:07</subfield>
    <subfield code="w">2026-04-10</subfield>
    <subfield code="y">RN</subfield>
  </datafield>
  <datafield tag="952" ind1=" " ind2=" ">
    <subfield code="0">0</subfield>
    <subfield code="1">0</subfield>
    <subfield code="4">0</subfield>
    <subfield code="7">0</subfield>
    <subfield code="a">BCEJYS</subfield>
    <subfield code="b">BCEJYS</subfield>
    <subfield code="c">17</subfield>
    <subfield code="d">2008-01-01</subfield>
    <subfield code="h">N&#xBA; 50 - ene./mar. 2008</subfield>
    <subfield code="l">0</subfield>
    <subfield code="o">H330 ENS 50</subfield>
    <subfield code="p">R02480</subfield>
    <subfield code="r">2026-04-10 16:06:07</subfield>
    <subfield code="w">2026-04-10</subfield>
    <subfield code="y">RN</subfield>
  </datafield>
  <datafield tag="952" ind1=" " ind2=" ">
    <subfield code="0">0</subfield>
    <subfield code="1">0</subfield>
    <subfield code="4">0</subfield>
    <subfield code="7">0</subfield>
    <subfield code="a">BCEJYS</subfield>
    <subfield code="b">BCEJYS</subfield>
    <subfield code="c">17</subfield>
    <subfield code="d">2007-10-01</subfield>
    <subfield code="h">N&#xBA; 49 - oct./dic. 2007</subfield>
    <subfield code="l">0</subfield>
    <subfield code="o">H330 ENS 49</subfield>
    <subfield code="p">R02481</subfield>
    <subfield code="r">2026-04-10 16:06:07</subfield>
    <subfield code="w">2026-04-10</subfield>
    <subfield code="y">RN</subfield>
  </datafield>
  <datafield tag="952" ind1=" " ind2=" ">
    <subfield code="0">0</subfield>
    <subfield code="1">0</subfield>
    <subfield code="4">0</subfield>
    <subfield code="7">0</subfield>
    <subfield code="a">BCEJYS</subfield>
    <subfield code="b">BCEJYS</subfield>
    <subfield code="c">17</subfield>
    <subfield code="d">2007-07-01</subfield>
    <subfield code="h">N&#xBA; 48 - jul./sep. 2007</subfield>
    <subfield code="l">0</subfield>
    <subfield code="o">H330 ENS 48</subfield>
    <subfield code="p">R02482</subfield>
    <subfield code="r">2026-04-10 16:06:07</subfield>
    <subfield code="w">2026-04-10</subfield>
    <subfield code="y">RN</subfield>
  </datafield>
  <datafield tag="952" ind1=" " ind2=" ">
    <subfield code="0">0</subfield>
    <subfield code="1">0</subfield>
    <subfield code="4">0</subfield>
    <subfield code="7">0</subfield>
    <subfield code="a">BCEJYS</subfield>
    <subfield code="b">BCEJYS</subfield>
    <subfield code="c">17</subfield>
    <subfield code="d">2007-04-01</subfield>
    <subfield code="h">N&#xBA; 47 - abr./jun. 2007</subfield>
    <subfield code="l">0</subfield>
    <subfield code="o">H330 ENS 47</subfield>
    <subfield code="p">R02483</subfield>
    <subfield code="r">2026-04-10 16:06:07</subfield>
    <subfield code="w">2026-04-10</subfield>
    <subfield code="y">RN</subfield>
  </datafield>
  <datafield tag="952" ind1=" " ind2=" ">
    <subfield code="0">0</subfield>
    <subfield code="1">0</subfield>
    <subfield code="4">0</subfield>
    <subfield code="7">0</subfield>
    <subfield code="a">BCEJYS</subfield>
    <subfield code="b">BCEJYS</subfield>
    <subfield code="c">17</subfield>
    <subfield code="d">2007-01-01</subfield>
    <subfield code="h">N&#xBA; 46 - ene. 2007</subfield>
    <subfield code="l">0</subfield>
    <subfield code="o">H330 ENS 46</subfield>
    <subfield code="p">R02484</subfield>
    <subfield code="r">2026-04-10 16:06:07</subfield>
    <subfield code="w">2026-04-10</subfield>
    <subfield code="y">RN</subfield>
  </datafield>
  <datafield tag="952" ind1=" " ind2=" ">
    <subfield code="0">0</subfield>
    <subfield code="1">0</subfield>
    <subfield code="4">0</subfield>
    <subfield code="7">0</subfield>
    <subfield code="a">BCEJYS</subfield>
    <subfield code="b">BCEJYS</subfield>
    <subfield code="c">17</subfield>
    <subfield code="d">2006-10-01</subfield>
    <subfield code="h">N&#xBA; 45 - oct. 2006</subfield>
    <subfield code="l">0</subfield>
    <subfield code="o">H330 ENS 45</subfield>
    <subfield code="p">R00050</subfield>
    <subfield code="r">2026-04-10 16:06:07</subfield>
    <subfield code="w">2026-04-10</subfield>
    <subfield code="y">RN</subfield>
  </datafield>
  <datafield tag="952" ind1=" " ind2=" ">
    <subfield code="0">0</subfield>
    <subfield code="1">0</subfield>
    <subfield code="4">0</subfield>
    <subfield code="7">0</subfield>
    <subfield code="a">BCEJYS</subfield>
    <subfield code="b">BCEJYS</subfield>
    <subfield code="c">17</subfield>
    <subfield code="d">1988-10-01</subfield>
    <subfield code="h">N&#xBA; 40 - oct. 1988</subfield>
    <subfield code="l">0</subfield>
    <subfield code="o">H330 ENS 40</subfield>
    <subfield code="p">R08272</subfield>
    <subfield code="r">2026-04-10 16:06:07</subfield>
    <subfield code="w">2026-04-10</subfield>
    <subfield code="y">RN</subfield>
  </datafield>
  <datafield tag="952" ind1=" " ind2=" ">
    <subfield code="0">0</subfield>
    <subfield code="1">0</subfield>
    <subfield code="4">0</subfield>
    <subfield code="7">0</subfield>
    <subfield code="a">BCEJYS</subfield>
    <subfield code="b">BCEJYS</subfield>
    <subfield code="c">17</subfield>
    <subfield code="d">1988-01-01</subfield>
    <subfield code="h">N&#xBA; 39 - ene. 1988</subfield>
    <subfield code="l">0</subfield>
    <subfield code="o">H330 ENS 39</subfield>
    <subfield code="p">R08271</subfield>
    <subfield code="r">2026-04-10 16:06:07</subfield>
    <subfield code="w">2026-04-10</subfield>
    <subfield code="y">RN</subfield>
  </datafield>
  <datafield tag="952" ind1=" " ind2=" ">
    <subfield code="0">0</subfield>
    <subfield code="1">0</subfield>
    <subfield code="4">0</subfield>
    <subfield code="7">0</subfield>
    <subfield code="a">BCEJYS</subfield>
    <subfield code="b">BCEJYS</subfield>
    <subfield code="c">17</subfield>
    <subfield code="d">1987-10-01</subfield>
    <subfield code="h">N&#xBA; 38 - oct. 1987</subfield>
    <subfield code="l">0</subfield>
    <subfield code="o">H330 ENS 38</subfield>
    <subfield code="p">R08270</subfield>
    <subfield code="r">2026-04-10 16:06:07</subfield>
    <subfield code="w">2026-04-10</subfield>
    <subfield code="y">RN</subfield>
  </datafield>
  <datafield tag="952" ind1=" " ind2=" ">
    <subfield code="0">0</subfield>
    <subfield code="1">0</subfield>
    <subfield code="4">0</subfield>
    <subfield code="7">0</subfield>
    <subfield code="a">BCEJYS</subfield>
    <subfield code="b">BCEJYS</subfield>
    <subfield code="c">17</subfield>
    <subfield code="d">1987-03-01</subfield>
    <subfield code="h">N&#xBA; 37 - mar. 1987</subfield>
    <subfield code="l">0</subfield>
    <subfield code="o">H330 ENS 37</subfield>
    <subfield code="p">R08269</subfield>
    <subfield code="r">2026-04-10 16:06:07</subfield>
    <subfield code="w">2026-04-10</subfield>
    <subfield code="y">RN</subfield>
  </datafield>
  <datafield tag="952" ind1=" " ind2=" ">
    <subfield code="0">0</subfield>
    <subfield code="1">0</subfield>
    <subfield code="4">0</subfield>
    <subfield code="7">0</subfield>
    <subfield code="a">BCEJYS</subfield>
    <subfield code="b">BCEJYS</subfield>
    <subfield code="c">17</subfield>
    <subfield code="d">1985-12-01</subfield>
    <subfield code="h">N&#xBA; 36 - dic. 1985</subfield>
    <subfield code="l">0</subfield>
    <subfield code="o">H330 ENS 36</subfield>
    <subfield code="p">R08268</subfield>
    <subfield code="r">2026-04-10 16:06:07</subfield>
    <subfield code="w">2026-04-10</subfield>
    <subfield code="y">RN</subfield>
  </datafield>
  <datafield tag="952" ind1=" " ind2=" ">
    <subfield code="0">0</subfield>
    <subfield code="1">0</subfield>
    <subfield code="4">0</subfield>
    <subfield code="7">0</subfield>
    <subfield code="a">BCEJYS</subfield>
    <subfield code="b">BCEJYS</subfield>
    <subfield code="c">17</subfield>
    <subfield code="d">1985-09-01</subfield>
    <subfield code="h">N&#xBA; 35 - sep. 1985</subfield>
    <subfield code="l">0</subfield>
    <subfield code="o">H330 ENS 35</subfield>
    <subfield code="p">R08267</subfield>
    <subfield code="r">2026-04-10 16:06:07</subfield>
    <subfield code="w">2026-04-10</subfield>
    <subfield code="y">RN</subfield>
  </datafield>
  <datafield tag="952" ind1=" " ind2=" ">
    <subfield code="0">0</subfield>
    <subfield code="1">0</subfield>
    <subfield code="4">0</subfield>
    <subfield code="7">0</subfield>
    <subfield code="a">BCEJYS</subfield>
    <subfield code="b">BCEJYS</subfield>
    <subfield code="c">17</subfield>
    <subfield code="d">1985-06-01</subfield>
    <subfield code="h">N&#xBA; 34 - jun. 1985</subfield>
    <subfield code="l">0</subfield>
    <subfield code="o">H330 ENS 34</subfield>
    <subfield code="p">R08266</subfield>
    <subfield code="r">2026-04-10 16:06:07</subfield>
    <subfield code="w">2026-04-10</subfield>
    <subfield code="y">RN</subfield>
  </datafield>
  <datafield tag="952" ind1=" " ind2=" ">
    <subfield code="0">0</subfield>
    <subfield code="1">0</subfield>
    <subfield code="4">0</subfield>
    <subfield code="7">0</subfield>
    <subfield code="a">BCEJYS</subfield>
    <subfield code="b">BCEJYS</subfield>
    <subfield code="c">17</subfield>
    <subfield code="d">1985-03-01</subfield>
    <subfield code="h">N&#xBA; 33 - mar. 1985</subfield>
    <subfield code="l">0</subfield>
    <subfield code="o">H330 ENS 33</subfield>
    <subfield code="p">R08265</subfield>
    <subfield code="r">2026-04-10 16:06:07</subfield>
    <subfield code="w">2026-04-10</subfield>
    <subfield code="y">RN</subfield>
  </datafield>
  <datafield tag="952" ind1=" " ind2=" ">
    <subfield code="0">0</subfield>
    <subfield code="1">0</subfield>
    <subfield code="4">0</subfield>
    <subfield code="7">0</subfield>
    <subfield code="a">BCEJYS</subfield>
    <subfield code="b">BCEJYS</subfield>
    <subfield code="c">17</subfield>
    <subfield code="d">1984-12-01</subfield>
    <subfield code="h">N&#xBA; 32 - dic. 1984</subfield>
    <subfield code="l">0</subfield>
    <subfield code="o">H330 ENS 32</subfield>
    <subfield code="p">R08264</subfield>
    <subfield code="r">2026-04-10 16:06:07</subfield>
    <subfield code="w">2026-04-10</subfield>
    <subfield code="y">RN</subfield>
  </datafield>
  <datafield tag="952" ind1=" " ind2=" ">
    <subfield code="0">0</subfield>
    <subfield code="1">0</subfield>
    <subfield code="4">0</subfield>
    <subfield code="7">0</subfield>
    <subfield code="a">BCEJYS</subfield>
    <subfield code="b">BCEJYS</subfield>
    <subfield code="c">17</subfield>
    <subfield code="d">1984-09-01</subfield>
    <subfield code="h">N&#xBA; 31 - sep. 1984</subfield>
    <subfield code="l">0</subfield>
    <subfield code="o">H330 ENS 31/1</subfield>
    <subfield code="p">R08262</subfield>
    <subfield code="r">2026-04-10 16:06:07</subfield>
    <subfield code="w">2026-04-10</subfield>
    <subfield code="y">RN</subfield>
  </datafield>
  <datafield tag="952" ind1=" " ind2=" ">
    <subfield code="0">0</subfield>
    <subfield code="1">0</subfield>
    <subfield code="4">0</subfield>
    <subfield code="7">0</subfield>
    <subfield code="a">BCEJYS</subfield>
    <subfield code="b">BCEJYS</subfield>
    <subfield code="c">17</subfield>
    <subfield code="d">1984-09-01</subfield>
    <subfield code="h">N&#xBA; 31 - sep. 1984</subfield>
    <subfield code="l">0</subfield>
    <subfield code="o">H330 ENS 31/2</subfield>
    <subfield code="p">R08263</subfield>
    <subfield code="r">2026-04-10 16:06:07</subfield>
    <subfield code="w">2026-04-10</subfield>
    <subfield code="y">RN</subfield>
  </datafield>
  <datafield tag="952" ind1=" " ind2=" ">
    <subfield code="0">0</subfield>
    <subfield code="1">0</subfield>
    <subfield code="4">0</subfield>
    <subfield code="7">0</subfield>
    <subfield code="a">BCEJYS</subfield>
    <subfield code="b">BCEJYS</subfield>
    <subfield code="c">17</subfield>
    <subfield code="d">1981-12-01</subfield>
    <subfield code="h">N&#xBA; 20 - dic. 1981</subfield>
    <subfield code="l">0</subfield>
    <subfield code="o">H330 ENS 20</subfield>
    <subfield code="p">R11328</subfield>
    <subfield code="r">2026-04-10 16:06:07</subfield>
    <subfield code="w">2026-04-10</subfield>
    <subfield code="y">RN</subfield>
  </datafield>
  <datafield tag="952" ind1=" " ind2=" ">
    <subfield code="0">0</subfield>
    <subfield code="1">0</subfield>
    <subfield code="4">0</subfield>
    <subfield code="7">0</subfield>
    <subfield code="a">BCEJYS</subfield>
    <subfield code="b">BCEJYS</subfield>
    <subfield code="c">17</subfield>
    <subfield code="d">1981-09-01</subfield>
    <subfield code="h">N&#xBA; 19 - sep. 1981</subfield>
    <subfield code="l">0</subfield>
    <subfield code="o">H330 ENS 19</subfield>
    <subfield code="p">R08261</subfield>
    <subfield code="r">2026-04-10 16:06:07</subfield>
    <subfield code="w">2026-04-10</subfield>
    <subfield code="y">RN</subfield>
  </datafield>
  <datafield tag="952" ind1=" " ind2=" ">
    <subfield code="0">0</subfield>
    <subfield code="1">0</subfield>
    <subfield code="4">0</subfield>
    <subfield code="7">0</subfield>
    <subfield code="a">BCEJYS</subfield>
    <subfield code="b">BCEJYS</subfield>
    <subfield code="c">17</subfield>
    <subfield code="d">1981-06-01</subfield>
    <subfield code="h">N&#xBA; 18 - jun. 1981</subfield>
    <subfield code="l">0</subfield>
    <subfield code="o">H330 ENS 18</subfield>
    <subfield code="p">R08260</subfield>
    <subfield code="r">2026-04-10 16:06:07</subfield>
    <subfield code="w">2026-04-10</subfield>
    <subfield code="y">RN</subfield>
  </datafield>
  <datafield tag="952" ind1=" " ind2=" ">
    <subfield code="0">0</subfield>
    <subfield code="1">0</subfield>
    <subfield code="4">0</subfield>
    <subfield code="7">0</subfield>
    <subfield code="a">BCEJYS</subfield>
    <subfield code="b">BCEJYS</subfield>
    <subfield code="c">17</subfield>
    <subfield code="d">1981-03-01</subfield>
    <subfield code="h">N&#xBA; 17 - mar. 1981</subfield>
    <subfield code="l">0</subfield>
    <subfield code="o">H330 ENS 17</subfield>
    <subfield code="p">R08259</subfield>
    <subfield code="r">2026-04-10 16:06:07</subfield>
    <subfield code="w">2026-04-10</subfield>
    <subfield code="y">RN</subfield>
  </datafield>
  <datafield tag="952" ind1=" " ind2=" ">
    <subfield code="0">0</subfield>
    <subfield code="1">0</subfield>
    <subfield code="4">0</subfield>
    <subfield code="7">0</subfield>
    <subfield code="a">BCEJYS</subfield>
    <subfield code="b">BCEJYS</subfield>
    <subfield code="c">17</subfield>
    <subfield code="d">1980-12-01</subfield>
    <subfield code="h">N&#xBA; 16 - dic. 1980</subfield>
    <subfield code="l">0</subfield>
    <subfield code="o">H330 ENS 16/1</subfield>
    <subfield code="p">R08257</subfield>
    <subfield code="r">2026-04-10 16:06:07</subfield>
    <subfield code="w">2026-04-10</subfield>
    <subfield code="y">RN</subfield>
  </datafield>
  <datafield tag="952" ind1=" " ind2=" ">
    <subfield code="0">0</subfield>
    <subfield code="1">0</subfield>
    <subfield code="4">0</subfield>
    <subfield code="7">0</subfield>
    <subfield code="a">BCEJYS</subfield>
    <subfield code="b">BCEJYS</subfield>
    <subfield code="c">17</subfield>
    <subfield code="d">1980-12-01</subfield>
    <subfield code="h">N&#xBA; 16 - dic. 1980</subfield>
    <subfield code="l">0</subfield>
    <subfield code="o">H330 ENS 16/2</subfield>
    <subfield code="p">R08258</subfield>
    <subfield code="r">2026-04-10 16:06:07</subfield>
    <subfield code="w">2026-04-10</subfield>
    <subfield code="y">RN</subfield>
  </datafield>
  <datafield tag="952" ind1=" " ind2=" ">
    <subfield code="0">0</subfield>
    <subfield code="1">0</subfield>
    <subfield code="4">0</subfield>
    <subfield code="7">0</subfield>
    <subfield code="a">BCEJYS</subfield>
    <subfield code="b">BCEJYS</subfield>
    <subfield code="c">17</subfield>
    <subfield code="d">1980-09-01</subfield>
    <subfield code="h">N&#xBA; 15 - sep. 1980</subfield>
    <subfield code="l">0</subfield>
    <subfield code="o">H330 ENS 15</subfield>
    <subfield code="p">R08256</subfield>
    <subfield code="r">2026-04-10 16:06:07</subfield>
    <subfield code="w">2026-04-10</subfield>
    <subfield code="y">RN</subfield>
  </datafield>
  <datafield tag="952" ind1=" " ind2=" ">
    <subfield code="0">0</subfield>
    <subfield code="1">0</subfield>
    <subfield code="4">0</subfield>
    <subfield code="7">0</subfield>
    <subfield code="a">BCEJYS</subfield>
    <subfield code="b">BCEJYS</subfield>
    <subfield code="c">17</subfield>
    <subfield code="d">1980-06-01</subfield>
    <subfield code="h">N&#xBA; 14 - jun. 1980</subfield>
    <subfield code="l">0</subfield>
    <subfield code="o">H330 ENS 14</subfield>
    <subfield code="p">R08255</subfield>
    <subfield code="r">2026-04-10 16:06:07</subfield>
    <subfield code="w">2026-04-10</subfield>
    <subfield code="y">RN</subfield>
  </datafield>
  <datafield tag="952" ind1=" " ind2=" ">
    <subfield code="0">0</subfield>
    <subfield code="1">0</subfield>
    <subfield code="4">0</subfield>
    <subfield code="7">0</subfield>
    <subfield code="a">BCEJYS</subfield>
    <subfield code="b">BCEJYS</subfield>
    <subfield code="c">17</subfield>
    <subfield code="d">1980-03-01</subfield>
    <subfield code="h">N&#xBA; 13 - mar. 1980</subfield>
    <subfield code="l">0</subfield>
    <subfield code="o">H330 ENS 13</subfield>
    <subfield code="p">R08254</subfield>
    <subfield code="r">2026-04-10 16:06:07</subfield>
    <subfield code="w">2026-04-10</subfield>
    <subfield code="y">RN</subfield>
  </datafield>
  <datafield tag="952" ind1=" " ind2=" ">
    <subfield code="0">0</subfield>
    <subfield code="1">0</subfield>
    <subfield code="4">0</subfield>
    <subfield code="7">0</subfield>
    <subfield code="a">BCEJYS</subfield>
    <subfield code="b">BCEJYS</subfield>
    <subfield code="c">17</subfield>
    <subfield code="d">1979-12-01</subfield>
    <subfield code="h">N&#xBA; 12 - dic. 1979</subfield>
    <subfield code="l">0</subfield>
    <subfield code="o">H330 ENS 12</subfield>
    <subfield code="p">R08253</subfield>
    <subfield code="r">2026-04-10 16:06:07</subfield>
    <subfield code="w">2026-04-10</subfield>
    <subfield code="y">RN</subfield>
  </datafield>
  <datafield tag="952" ind1=" " ind2=" ">
    <subfield code="0">0</subfield>
    <subfield code="1">0</subfield>
    <subfield code="4">0</subfield>
    <subfield code="7">0</subfield>
    <subfield code="a">BCEJYS</subfield>
    <subfield code="b">BCEJYS</subfield>
    <subfield code="c">17</subfield>
    <subfield code="d">1979-09-01</subfield>
    <subfield code="h">N&#xBA; 11 - sep. 1979</subfield>
    <subfield code="l">0</subfield>
    <subfield code="o">H330 ENS 11</subfield>
    <subfield code="p">R08252</subfield>
    <subfield code="r">2026-04-10 16:06:07</subfield>
    <subfield code="w">2026-04-10</subfield>
    <subfield code="y">RN</subfield>
  </datafield>
  <datafield tag="952" ind1=" " ind2=" ">
    <subfield code="0">0</subfield>
    <subfield code="1">0</subfield>
    <subfield code="4">0</subfield>
    <subfield code="7">0</subfield>
    <subfield code="a">BCEJYS</subfield>
    <subfield code="b">BCEJYS</subfield>
    <subfield code="c">17</subfield>
    <subfield code="d">1979-06-01</subfield>
    <subfield code="h">N&#xBA; 10 - jun. 1979</subfield>
    <subfield code="l">0</subfield>
    <subfield code="o">H330 ENS 10</subfield>
    <subfield code="p">R08251</subfield>
    <subfield code="r">2026-04-10 16:06:07</subfield>
    <subfield code="w">2026-04-10</subfield>
    <subfield code="y">RN</subfield>
  </datafield>
  <datafield tag="952" ind1=" " ind2=" ">
    <subfield code="0">0</subfield>
    <subfield code="1">0</subfield>
    <subfield code="4">0</subfield>
    <subfield code="7">0</subfield>
    <subfield code="a">BCEJYS</subfield>
    <subfield code="b">BCEJYS</subfield>
    <subfield code="c">17</subfield>
    <subfield code="d">1979-03-01</subfield>
    <subfield code="h">N&#xBA; 9 - mar. 1979</subfield>
    <subfield code="l">0</subfield>
    <subfield code="o">H330 ENS 9/1</subfield>
    <subfield code="p">R08249</subfield>
    <subfield code="r">2026-04-10 16:06:07</subfield>
    <subfield code="w">2026-04-10</subfield>
    <subfield code="y">RN</subfield>
  </datafield>
  <datafield tag="952" ind1=" " ind2=" ">
    <subfield code="0">0</subfield>
    <subfield code="1">0</subfield>
    <subfield code="4">0</subfield>
    <subfield code="7">0</subfield>
    <subfield code="a">BCEJYS</subfield>
    <subfield code="b">BCEJYS</subfield>
    <subfield code="c">17</subfield>
    <subfield code="d">1979-03-01</subfield>
    <subfield code="h">N&#xBA; 9 - mar. 1979</subfield>
    <subfield code="l">0</subfield>
    <subfield code="o">H330 ENS 9/2</subfield>
    <subfield code="p">R08250</subfield>
    <subfield code="r">2026-04-10 16:06:07</subfield>
    <subfield code="w">2026-04-10</subfield>
    <subfield code="y">RN</subfield>
  </datafield>
  <datafield tag="952" ind1=" " ind2=" ">
    <subfield code="0">0</subfield>
    <subfield code="1">0</subfield>
    <subfield code="4">0</subfield>
    <subfield code="7">0</subfield>
    <subfield code="a">BCEJYS</subfield>
    <subfield code="b">BCEJYS</subfield>
    <subfield code="c">17</subfield>
    <subfield code="d">1978-12-01</subfield>
    <subfield code="h">N&#xBA; 8 - dic. 1978</subfield>
    <subfield code="l">0</subfield>
    <subfield code="o">H330 ENS 8/1</subfield>
    <subfield code="p">R08247</subfield>
    <subfield code="r">2026-04-10 16:06:07</subfield>
    <subfield code="w">2026-04-10</subfield>
    <subfield code="y">RN</subfield>
  </datafield>
  <datafield tag="952" ind1=" " ind2=" ">
    <subfield code="0">0</subfield>
    <subfield code="1">0</subfield>
    <subfield code="4">0</subfield>
    <subfield code="7">0</subfield>
    <subfield code="a">BCEJYS</subfield>
    <subfield code="b">BCEJYS</subfield>
    <subfield code="c">17</subfield>
    <subfield code="d">1978-12-01</subfield>
    <subfield code="h">N&#xBA; 8 - dic. 1978</subfield>
    <subfield code="l">0</subfield>
    <subfield code="o">H330 ENS 8/2</subfield>
    <subfield code="p">R08248</subfield>
    <subfield code="r">2026-04-10 16:06:07</subfield>
    <subfield code="w">2026-04-10</subfield>
    <subfield code="y">RN</subfield>
  </datafield>
  <datafield tag="952" ind1=" " ind2=" ">
    <subfield code="0">0</subfield>
    <subfield code="1">0</subfield>
    <subfield code="4">0</subfield>
    <subfield code="7">0</subfield>
    <subfield code="a">BCEJYS</subfield>
    <subfield code="b">BCEJYS</subfield>
    <subfield code="c">17</subfield>
    <subfield code="d">1978-09-01</subfield>
    <subfield code="h">N&#xBA; 7 - sep. 1978</subfield>
    <subfield code="l">0</subfield>
    <subfield code="o">H330 ENS 7</subfield>
    <subfield code="p">R08246</subfield>
    <subfield code="r">2026-04-10 16:06:07</subfield>
    <subfield code="w">2026-04-10</subfield>
    <subfield code="y">RN</subfield>
  </datafield>
  <datafield tag="952" ind1=" " ind2=" ">
    <subfield code="0">0</subfield>
    <subfield code="1">0</subfield>
    <subfield code="4">0</subfield>
    <subfield code="7">0</subfield>
    <subfield code="a">BCEJYS</subfield>
    <subfield code="b">BCEJYS</subfield>
    <subfield code="c">17</subfield>
    <subfield code="d">1978-06-01</subfield>
    <subfield code="h">N&#xBA; 6 - jun. 1978</subfield>
    <subfield code="l">0</subfield>
    <subfield code="o">H330 ENS 6</subfield>
    <subfield code="p">R08245</subfield>
    <subfield code="r">2026-04-10 16:06:07</subfield>
    <subfield code="w">2026-04-10</subfield>
    <subfield code="y">RN</subfield>
  </datafield>
  <datafield tag="952" ind1=" " ind2=" ">
    <subfield code="0">0</subfield>
    <subfield code="1">0</subfield>
    <subfield code="4">0</subfield>
    <subfield code="7">0</subfield>
    <subfield code="a">BCEJYS</subfield>
    <subfield code="b">BCEJYS</subfield>
    <subfield code="c">17</subfield>
    <subfield code="d">1978-03-01</subfield>
    <subfield code="h">N&#xBA; 5 - mar. 1978</subfield>
    <subfield code="l">0</subfield>
    <subfield code="o">H330 ENS 5</subfield>
    <subfield code="p">R08244</subfield>
    <subfield code="r">2026-04-10 16:06:07</subfield>
    <subfield code="w">2026-04-10</subfield>
    <subfield code="y">RN</subfield>
  </datafield>
  <datafield tag="952" ind1=" " ind2=" ">
    <subfield code="0">0</subfield>
    <subfield code="1">0</subfield>
    <subfield code="4">0</subfield>
    <subfield code="7">0</subfield>
    <subfield code="a">BCEJYS</subfield>
    <subfield code="b">BCEJYS</subfield>
    <subfield code="c">17</subfield>
    <subfield code="d">1977-12-01</subfield>
    <subfield code="h">N&#xBA; 4 - dic. 1977</subfield>
    <subfield code="l">0</subfield>
    <subfield code="o">H330 ENS 4/1</subfield>
    <subfield code="p">R08242</subfield>
    <subfield code="r">2026-04-10 16:06:07</subfield>
    <subfield code="w">2026-04-10</subfield>
    <subfield code="y">RN</subfield>
  </datafield>
  <datafield tag="952" ind1=" " ind2=" ">
    <subfield code="0">0</subfield>
    <subfield code="1">0</subfield>
    <subfield code="4">0</subfield>
    <subfield code="7">0</subfield>
    <subfield code="a">BCEJYS</subfield>
    <subfield code="b">BCEJYS</subfield>
    <subfield code="c">17</subfield>
    <subfield code="d">1977-12-01</subfield>
    <subfield code="h">N&#xBA; 4 - dic. 1977</subfield>
    <subfield code="l">0</subfield>
    <subfield code="o">H330 ENS 4/2</subfield>
    <subfield code="p">R08243</subfield>
    <subfield code="r">2026-04-10 16:06:07</subfield>
    <subfield code="w">2026-04-10</subfield>
    <subfield code="y">RN</subfield>
  </datafield>
  <datafield tag="952" ind1=" " ind2=" ">
    <subfield code="0">0</subfield>
    <subfield code="1">0</subfield>
    <subfield code="4">0</subfield>
    <subfield code="7">0</subfield>
    <subfield code="a">BCEJYS</subfield>
    <subfield code="b">BCEJYS</subfield>
    <subfield code="c">17</subfield>
    <subfield code="d">1977-09-01</subfield>
    <subfield code="h">N&#xBA; 3 - sep. 1977</subfield>
    <subfield code="l">0</subfield>
    <subfield code="o">H330 ENS 3</subfield>
    <subfield code="p">R08241</subfield>
    <subfield code="r">2026-04-10 16:06:07</subfield>
    <subfield code="w">2026-04-10</subfield>
    <subfield code="y">RN</subfield>
  </datafield>
  <datafield tag="952" ind1=" " ind2=" ">
    <subfield code="0">0</subfield>
    <subfield code="1">0</subfield>
    <subfield code="4">0</subfield>
    <subfield code="7">0</subfield>
    <subfield code="a">BCEJYS</subfield>
    <subfield code="b">BCEJYS</subfield>
    <subfield code="c">17</subfield>
    <subfield code="d">1977-06-01</subfield>
    <subfield code="h">N&#xBA; 2 - jun. 1977</subfield>
    <subfield code="l">0</subfield>
    <subfield code="o">H330 ENS 2</subfield>
    <subfield code="p">R08237</subfield>
    <subfield code="r">2026-04-10 16:06:07</subfield>
    <subfield code="w">2026-04-10</subfield>
    <subfield code="y">RN</subfield>
  </datafield>
</record>
